| 000 | 00476nam a2200157Ia 4500 | ||
|---|---|---|---|
| 003 | GCL | ||
| 008 | 140319s9999 xx 000 0 eng d | ||
| 040 |
_aGCL / _cGCL |
||
| 082 | 0 | 4 |
_a332.12068 _bS C |
| 100 | 1 |
_aWESTON, J.F. _vForwarder |
|
| 245 | 1 | 0 |
_aCOMMERCIAL BANK FINANCIAL MANAGEMENT IN THE FINANCIAL - SERVICES INDUSTRY 4 th.ed / _cWESTON, J.F. |
| 260 |
_a[S.N] : _bLITTLE, BROWN AND COMPANY ، _c1992 |
||
| 300 | _a866 | ||
| 650 | 0 | 4 | _aBANK MANAGEMENT |
| 942 |
_2ddc _cBK |
||
| 999 |
_c19576 _d19576 |
||